[Event "Mataro Maresme op-A 13th"]
[Site "Mataro"]
[Date "2016.10.29"]
[Round "4"]
[White "Fabregas Fernandez, Bernat"]
[Black "Fernandez Goyanes, Francesc X"]
[Result "1/2-1/2"]
[WhiteElo "2126"]
[BlackElo "2225"]
[PlyCount "37"]
[EventDate "2016.10.08"]
[EventType "swiss"]
[EventRounds "9"]
[EventCountry "ESP"]
[SourceTitle "EXT 2018"]
[Source "ChessBase"]
[SourceDate "2017.10.13"]
[SourceVersion "1"]
[SourceVersionDate "2017.10.13"]
[SourceQuality "1"]

1. d4 Nf6 2. c4 e6 3. g3 d5 4. Bg2 Be7 5. Nf3 0-0 6. 0-0 dxc4 7. Qc2 a6 8. a4 Bd7 9. Ne5 Nc6 10. Qxc4 Rb8 11. Nxd7 Qxd7 12. e3 Nb4 13. Bd2 a5 14. Nc3 c6 15. Ne4 Nxe4 16. Bxe4 f5 17. Bg2 Kh8 18. Bc3 Ra8 19. Bxb4 1/2-1/2

[Event "Mataro Vinas Memorial 12th"]
[Site "Mataro"]
[Date "2016.04.16"]
[Round "2"]
[White "Nadal Fajardo, Ricard"]
[Black "Fabregas Fernandez, Bernat"]
[Result "1/2-1/2"]
[WhiteElo "1903"]
[BlackElo "2130"]
[PlyCount "72"]
[EventDate "2016.04.09"]
[EventType "swiss"]
[EventRounds "9"]
[EventCountry "ESP"]
[SourceTitle "EXT 2017"]
[Source "ChessBase"]
[SourceDate "2016.10.25"]
[SourceVersion "1"]
[SourceVersionDate "2016.10.25"]
[SourceQuality "1"]

1. d4 Nf6 2. Nf3 d6 3. g3 g6 4. Bg2 Bg7 5. 0-0 0-0 6. c4 Nbd7 7. Nc3 e5 8. Qc2 c6 9. Rd1 Qc7 10. b3 Re8 11. Bb2 exd4 12. Nxd4 Nc5 13. e4 Ne6 14. Nce2 Nxd4 15. Bxd4 Qe7 16. Qb2 Bg4 17. f3 Be6 18. Nf4 g5 19. Nd3 Rad8 20. Re1 Nh5 21. Bxg7 Nxg7 22. f4 gxf4 23. gxf4 f6 24. Re3 Kh8 25. Kh1 Rg8 26. Qf2 Rdf8 27. f5 Bf7 28. Rae1 Ne8 29. Qh4 Rg5 30. Nf4 Rfg8 31. Rh3 R8g7 32. Bf3 Qe5 33. Nh5 Bxh5 34. Bxh5 Qd4 35. Rg3 Rxg3 36. hxg3 Re7 1/2-1/2

[Event "Sant Adria de Besos op 09th"]
[Site "Sant Adria de Besos"]
[Date "2013.06.02"]
[Round "8"]
[White "Saez Coma, Alejandro"]
[Black "Fabregas Fernandez, Bernat"]
[Result "1-0"]
[WhiteElo "1991"]
[BlackElo "2153"]
[PlyCount "37"]
[EventDate "2013.04.14"]
[EventType "swiss"]
[EventRounds "9"]
[EventCountry "ESP"]
[SourceTitle "EXT 2015"]
[Source "ChessBase"]
[SourceDate "2014.11.20"]
[SourceVersion "1"]
[SourceVersionDate "2014.11.20"]
[SourceQuality "1"]

1. d4 Nf6 2. Nf3 e6 3. Bf4 d5 4. e3 Be7 5. Nbd2 0-0 6. Bd3 b6 7. Ne5 Bb7 8. Qf3 Nbd7 9. g4 c5 10. c3 c4 11. Bc2 b5 12. h4 b4 13. g5 Nxe5 14. Bxe5 Ne8 15. Qh5 g6 16. Qh6 f5 17. gxf6 Bxf6 18. h5 Bg5 19. Qxh7+ 1-0

[Event "Sant Adria de Besos op 09th"]
[Site "Sant Adria de Besos"]
[Date "2013.05.12"]
[Round "5"]
[White "Fabregas Fernandez, Bernat"]
[Black "Lacasta Palacio, Joaquim"]
[Result "1-0"]
[WhiteElo "2153"]
[BlackElo "2162"]
[PlyCount "97"]
[EventDate "2013.04.14"]
[EventType "swiss"]
[EventRounds "9"]
[EventCountry "ESP"]
[SourceTitle "EXT 2015"]
[Source "ChessBase"]
[SourceDate "2014.11.20"]
[SourceVersion "1"]
[SourceVersionDate "2014.11.20"]
[SourceQuality "1"]

1. d4 e6 2. g3 c5 3. Nf3 Nc6 4. Bg2 Nf6 5. 0-0 Be7 6. c4 cxd4 7. Nxd4 0-0 8. Nc3 Qa5 9. Ndb5 a6 10. Nd6 Qb4 11. Nxc8 Raxc8 12. Na4 b5 13. cxb5 Qxb5 14. Nc3 Qc4 15. e4 Bb4 16. Na4 Qb5 17. b3 d5 18. exd5 Nxd5 19. Bb2 Nce7 20. Rc1 Rxc1 21. Qxc1 Rc8 22. Qg5 Ng6 23. Rc1 Rxc1+ 24. Qxc1 Nde7 25. Bf1 Qb7 26. Nc5 Bxc5 27. Qxc5 Nd5 28. Qd4 f6 29. Qc4 a5 30. h4 Nge7 31. Qa4 Qa8 32. Qd7 Kf7 33. Bc4 Qe8 34. Qa7 Qd8 35. Bd4 Kg6 36. Bc5 Nc6 37. Qb7 Ne5 38. Bf1 Nf3+ 39. Kh1 Ne5 40. a3 Nd7 41. Bd4 Nc7 42. b4 axb4 43. axb4 Nd5 44. b5 N7b6 45. Qc6 Qd7 46. Bxb6 Qxc6 47. bxc6 Nxb6 48. c7 Kf7 49. Ba6 1-0

[Event "Sant Adria de Besos op 08th"]
[Site "Sant Adria de Besos"]
[Date "2012.05.27"]
[Round "7"]
[White "Fabregas Fernandez, Bernat"]
[Black "Comellas Blanchart, Jordi"]
[Result "1/2-1/2"]
[WhiteElo "2180"]
[BlackElo "2171"]
[PlyCount "26"]
[EventDate "2012.04.15"]
[EventType "swiss"]
[EventRounds "9"]
[EventCountry "ESP"]
[SourceTitle "CBM 148 Extra"]
[Source "ChessBase"]
[SourceDate "2012.06.22"]
[SourceVersion "1"]
[SourceVersionDate "2012.06.22"]
[SourceQuality "1"]

1. e4 e5 2. Nf3 Nf6 3. Nxe5 d6 4. Nf3 Nxe4 5. Qe2 Qe7 6. d3 Nf6 7. Bg5 Qxe2+ 8. Bxe2 Be7 9. Nc3 Bd7 10. 0-0-0 Nc6 11. Rde1 0-0-0 12. Bd1 Rde8 13. a3 Bd8 1/2-1/2

[Event "Llobregat op 2nd"]
[Site "Llobregat"]
[Date "2009.12.31"]
[Round "5"]
[White "Fabregas Fernandez, Bernat"]
[Black "Ramon Solans, Albert"]
[Result "0-1"]
[WhiteElo "2188"]
[BlackElo "2159"]
[PlyCount "98"]
[EventDate "2009.12.27"]
[EventType "swiss"]
[EventRounds "7"]
[EventCountry "ESP"]
[SourceTitle "CBM 134 Extra"]
[Source "ChessBase"]
[SourceDate "2010.03.03"]
[SourceVersion "1"]
[SourceVersionDate "2010.03.03"]
[SourceQuality "1"]

1. e4 d5 2. Nc3 c6 3. d4 g6 4. h3 Bg7 5. Nf3 dxe4 6. Nxe4 Nd7 7. Be2 Ngf6 8. Nxf6+ Nxf6 9. 0-0 0-0 10. c4 Qc7 11. Be3 Bf5 12. Qa4 Nd7 13. Nh4 Nb6 14. Qa5 Nd5 15. Qxc7 Nxc7 16. Nxf5 gxf5 17. Bf3 f4 18. Bxf4 Ne6 19. Be5 Nxd4 20. Bxd4 Bxd4 21. Rad1 e5 22. b4 Rad8 23. b5 cxb5 24. cxb5 Rd7 25. Rc1 f5 26. Bd1 Kg7 27. Bb3 Kf6 28. Rc2 e4 29. Rd1 e3 30. Kf1 exf2 31. Rcd2 Rfd8 32. Bc2 h6 33. Bb1 Kg5 34. a4 b6 35. Bc2 Kf4 36. Bb1 Kg5 37. Bc2 f4 38. Be4 Kh4 39. Rd3 Rd6 40. Bc6 Re6 41. Bb7 Re3 42. Bf3 Kg3 43. Bh5 Rd5 44. Bf3 Rde5 45. Rxe3 Bxe3 46. Rd5 Re7 47. Rd6 Bc5 48. Rg6+ Kh2 49. Be2 Rxe2 0-1

[Event "Barbera del Valles op 29th"]
[Site "Barbera del Valles"]
[Date "2006.07.13"]
[Round "9"]
[White "Asensio Linan, Teodoro"]
[Black "Fabregas Fernandez, Bernat"]
[Result "1-0"]
[WhiteElo "2236"]
[BlackElo "2197"]
[PlyCount "59"]
[EventDate "2006.07.05"]
[EventType "swiss"]
[EventRounds "9"]
[EventCountry "ESP"]
[SourceTitle "CBM 113 Extra"]
[Source "ChessBase"]
[SourceDate "2006.09.14"]
[SourceVersion "1"]
[SourceVersionDate "2006.09.14"]
[SourceQuality "1"]

1. e4 c5 2. Nf3 d6 3. d4 cxd4 4. Nxd4 Nf6 5. Nc3 g6 6. Be3 Bg7 7. f3 0-0 8. Qd2 Nc6 9. 0-0-0 Nxd4 10. Bxd4 Qa5 11. Kb1 e5 12. Be3 Be6 13. a3 a6 14. Qxd6 Rfd8 15. Bb6 Rxd6 16. Bxa5 Rc6 17. Nd5 Bxd5 18. exd5 Rc5 19. Bb6 Rxd5 20. Bc4 Rxd1+ 21. Rxd1 Re8 22. g4 h6 23. h4 Re7 24. Rd8+ Kh7 25. g5 Nh5 26. Bd5 Nf4 27. Be4 f5 28. gxf6 Bxf6 29. Rb8 Bxh4 30. Bd8 1-0

[Event "Barbera del Valles op 29th"]
[Site "Barbera del Valles"]
[Date "2006.07.05"]
[Round "1"]
[White "Almeida Quintana, Omar"]
[Black "Fabregas Fernandez, Bernat"]
[Result "1-0"]
[WhiteElo "2458"]
[BlackElo "2197"]
[PlyCount "37"]
[EventDate "2006.07.05"]
[EventType "swiss"]
[EventRounds "9"]
[EventCountry "ESP"]
[SourceTitle "CBM 113 Extra"]
[Source "ChessBase"]
[SourceDate "2006.09.14"]
[SourceVersion "1"]
[SourceVersionDate "2006.09.14"]
[SourceQuality "1"]

1. d4 Nf6 2. Nf3 e6 3. c4 d5 4. Nc3 Be7 5. Bg5 h6 6. Bh4 0-0 7. e3 b6 8. Qc2 Bb7 9. Bxf6 Bxf6 10. cxd5 exd5 11. h4 c5 12. 0-0-0 Nc6 13. g4 cxd4 14. exd4 Rc8 15. Kb1 g6 16. Bh3 Nb4 17. Qd2 Ba6 18. a3 Nd3 19. Bf1 1-0

[Event "Barcelona Sants op 07th"]
[Site "Barcelona"]
[Date "2005.08.30"]
[Round "5"]
[White "Levin, Felix"]
[Black "Fabregas Fernandez, Bernat"]
[Result "1-0"]
[WhiteElo "2501"]
[BlackElo "2221"]
[PlyCount "111"]
[EventDate "2005.08.27"]
[EventType "swiss"]
[EventRounds "10"]
[EventCountry "ESP"]
[SourceTitle "CBM 108 Extra"]
[Source "ChessBase"]
[SourceDate "2005.11.04"]
[SourceVersion "1"]
[SourceVersionDate "2005.11.04"]
[SourceQuality "1"]

1. d4 Nf6 2. Nf3 d6 3. c4 Bg4 4. Qb3 Qc8 5. h3 Bxf3 6. exf3 g6 7. Be3 Bg7 8. Nc3 0-0 9. Be2 c6 10. d5 c5 11. f4 b6 12. g4 Ne8 13. f5 Nd7 14. fxg6 fxg6 15. 0-0-0 a6 16. g5 b5 17. Bg4 bxc4 18. Be6+ Kh8 19. Qa4 Nb6 20. Qc2 Qb7 21. h4 Nc7 22. h5 Nxe6 23. dxe6 Qf3 24. hxg6 Qf5 25. Rxh7+ Kg8 26. Rdh1 Qxe6 27. Qe4 Qxe4 28. Nxe4 Rf3 29. Ng3 Rxg3 30. fxg3 Nd5 31. Bd2 Rf8 32. R7h4 Bd4 33. Re1 Rf3 34. Rh7 Bg7 35. Re4 Rxg3 36. Rxc4 Rg1+ 37. Kc2 Rg2 38. Rch4 Nb4+ 39. Kd1 Nd3 40. b3 Ne5 41. Bc3 Rxg5 42. Bxe5 Rxe5 43. Ra4 Rg5 44. Rxa6 Rxg6 45. Rh2 Kf7 46. Kc2 Rg3 47. Rb6 Ke6 48. Re2+ Be5 49. a4 Rg1 50. Kd3 Kd5 51. a5 Ra1 52. a6 e6 53. Rc2 Bd4 54. Ke2 e5 55. Rc4 e4 56. Ra4 1-0

[Event "ESP Ronda op"]
[Site "Spain"]
[Date "1998.??.??"]
[Round "?"]
[White "Fabregas Fernandez, Bernat"]
[Black "Hopman, Pieter"]
[Result "1-0"]
[WhiteElo "2290"]
[BlackElo "2180"]
[PlyCount "101"]
[EventDate "1998.??.??"]
[EventType "swiss"]
[EventRounds "9"]
[EventCountry "ESP"]
[SourceTitle "EXT 2003"]
[Source "ChessBase"]
[SourceDate "2002.11.25"]
[SourceVersion "1"]
[SourceVersionDate "2002.11.25"]
[SourceQuality "1"]

1. d4 Nf6 2. Nf3 d5 3. c4 c6 4. Nc3 dxc4 5. a4 Bf5 6. Ne5 e6 7. f3 c5 8. dxc5 Qxd1+ 9. Nxd1 Nbd7 10. Nxd7 Nxd7 11. e4 Bg6 12. c6 bxc6 13. Bxc4 Bb4+ 14. Kf2 Ke7 15. Be3 Rhd8 16. Rc1 a5 17. b3 f6 18. Ke2 Rab8 19. Nf2 Ne5 20. Nd3 Nxd3 21. Bxd3 Ba3 22. Rc3 e5 23. Bc4 Bf7 24. Bxf7 Kxf7 25. Rd1 Rxd1 26. Kxd1 Bb2 27. Rd3 Bd4 28. Bd2 Ra8 29. Kc2 Ke6 30. Be1 h5 31. Rd1 Bc5 32. Bc3 g6 33. Re1 Bb6 34. Kd3 Rd8+ 35. Kc4 Rd6 36. h3 Rd8 37. Ra1 Rd6 38. b4 axb4 39. Kxb4 Rd3 40. Ra2 Rd1 41. a5 Be3 42. a6 Rd8 43. Kc4 Ra8 44. Bb4 Kd7 45. Bc5 Bxc5 46. Kxc5 Kc7 47. a7 f5 48. g4 hxg4 49. hxg4 fxg4 50. fxg4 g5 51. Rh2 1-0

[Event "ESP Ronda op"]
[Site "Spain"]
[Date "1998.??.??"]
[Round "?"]
[White "Tscharotschkin, Alexander"]
[Black "Fabregas Fernandez, Bernat"]
[Result "0-1"]
[WhiteElo "2170"]
[BlackElo "2290"]
[PlyCount "86"]
[EventDate "1998.??.??"]
[EventType "swiss"]
[EventRounds "9"]
[EventCountry "ESP"]
[SourceTitle "EXT 2003"]
[Source "ChessBase"]
[SourceDate "2002.11.25"]
[SourceVersion "1"]
[SourceVersionDate "2002.11.25"]
[SourceQuality "1"]

1. e4 c5 2. c3 e6 3. Nf3 Nc6 4. d4 d5 5. e5 Bd7 6. Be2 Qb6 7. 0-0 Rc8 8. dxc5 Bxc5 9. b4 Be7 10. Bd3 h5 11. h4 Nh6 12. Be3 Qc7 13. Bf4 Ng4 14. Re1 a6 15. a3 Na7 16. a4 Rd8 17. g3 a5 18. b5 Bc5 19. Nd4 Nc8 20. Bg5 Ne7 21. Bf4 Rc8 22. Ra2 Qb6 23. Be2 Nf5 24. Bxg4 hxg4 25. Nxf5 exf5 26. Rae2 Be6 27. Nd2 d4 28. cxd4 Bb4 29. d5 Bxd5 30. e6 fxe6 31. Re5 0-0 32. Bg5 Rc3 33. Nf1 Be4 34. Qa1 Ra3 35. Qb2 Bxe1 36. Be3 Rxe3 37. Nxe3 Bb4 38. Qa2 Rf6 39. Qc4 Qd6 40. Qc8+ Kh7 41. Rxe4 fxe4 42. Qxb7 Bc5 43. Qxe4+ Kg8 0-1